| 000 | 00405nam a2200133Ia 4500 | ||
|---|---|---|---|
| 008 | 231129s9999||||xx |||||||||||||| ||spa|| | ||
| 020 | _a968-451-766-1 | ||
| 040 | _bspa | ||
| 082 | _a(EN PROCESO DE DESCARTE) 001.6424P S213p | ||
| 100 | _aSand Paul A. | ||
| 245 | 0 | _aPascal avanzado : tecnicas de programacion | |
| 264 | _aColombia : McGraw-Hill | ||
| 942 |
_2ddc _cBKS |
||
| 999 |
_c22462 _d22462 |
||